000 00497nam a2200181Ia 4500
008 151202s9999||||xx |||||||||||||| ||und||
082 _bPNVM-59533
100 _aभावे पु.भा.
245 _aराणी.
260 _b"कीर्ति प्रकाशन,पुणे."
260 _c59439
300 _a269
600 _aभावे पु.भा.
630 _aराणी.
700 _aभावे पु.भा.
730 _aराणी.
942 _cBOOK
999 _c1326067
_d1326064